Bonding mechanism of giomer to enamel and dentin with and without pre - etching / (رقم التسجيلة. 3293)
[ عرض عادي ]
| 000 -LEADER | |
|---|---|
| fixed length control field | 015100000a22003370004500 |
| 003 - CONTROL NUMBER IDENTIFIER | |
| control field | EG-GICUC |
| 005 - DATE AND TIME OF LATEST TRANSACTION | |
| control field | 20250223025004.0 |
| 008 - FIXED-LENGTH DATA ELEMENTS--GENERAL INFORMATION | |
| fixed length control field | 070820s2007 ua a f m 000 0 eng d |
| 040 ## - CATALOGING SOURCE | |
| Original cataloging agency | EG-GICUC |
| Language of cataloging | eng |
| Transcribing agency | EG-GICUC |
| 041 0# - LANGUAGE CODE | |
| Language code of text/sound track or separate title | Eng |
| 049 ## - LOCAL HOLDINGS (OCLC) | |
| Holding library | Deposite |
| 097 ## - Thesis Degree | |
| Thesis Level | M.Sc |
| 099 ## - LOCAL FREE-TEXT CALL NUMBER (OCLC) | |
| Classification number | Cai01.09.03.M.Sc.2007.Sh.B |
| 100 0# - MAIN ENTRY--PERSONAL NAME | |
| Personal name | Shereen Hafez Ibrahim |
| 245 10 - TITLE STATEMENT | |
| Title | Bonding mechanism of giomer to enamel and dentin with and without pre - etching / |
| Statement of responsibility, etc. | Shereen Hafez Ibrahim ; Supervised Mona Ismail Riad , Ola Mohamed Ibrahim Fahmy |
| 246 15 - VARYING FORM OF TITLE | |
| Title proper/short title | الية ربط الجيومير للمينا و العاج مع و بدون تخريش مسبق |
| 260 ## - PUBLICATION, DISTRIBUTION, ETC. | |
| Place of publication, distribution, etc. | Cairo : |
| Name of publisher, distributor, etc. | Shereen Hafez Ibrahim , |
| Date of publication, distribution, etc. | 2007 |
| 300 ## - PHYSICAL DESCRIPTION | |
| Extent | 138Leaves : |
| Other physical details | ill. ; |
| Dimensions | 30cm |
| 502 ## - DISSERTATION NOTE | |
| Dissertation note | Thesis (M.Sc.) - Cairo University - Faculty Of Oral and Dental Medicine - Department Of Operative Dentistry |
| 520 ## - SUMMARY, ETC. | |
| Summary, etc. | This study was designed to assess the bonding mechanism of a giomer restorative material (BEAUTIF\\FL - BOND) to both enamel and dentin with and without previous etching (FL - BOND ETCHANT) by fourier Transform Infra Red (FTIR) and Environmental Scanning Electeon Microscopy (ESEM) |
| 530 ## - ADDITIONAL PHYSICAL FORM AVAILABLE NOTE | |
| Additional physical form available note | Issued also as CD |
| 653 #4 - INDEX TERM--UNCONTROLLED | |
| Uncontrolled term | Bonding mechanism |
| 653 #4 - INDEX TERM--UNCONTROLLED | |
| Uncontrolled term | Enamel |
| 653 #4 - INDEX TERM--UNCONTROLLED | |
| Uncontrolled term | Giomer |
| 700 0# - ADDED ENTRY--PERSONAL NAME | |
| Personal name | Mona Ismail Riad , |
| Relator term | |
| 700 0# - ADDED ENTRY--PERSONAL NAME | |
| Personal name | Ola Mohamed Ibrahim Fahmy , |
| Relator term | |
| 856 ## - ELECTRONIC LOCATION AND ACCESS | |
| Uniform Resource Identifier | <a href="http://172.23.153.220/th.pdf">http://172.23.153.220/th.pdf</a> |
| 905 ## - LOCAL DATA ELEMENT E, LDE (RLIN) | |
| Cataloger | Esam |
| Reviser | Revisor |
| 905 ## - LOCAL DATA ELEMENT E, LDE (RLIN) | |
| Cataloger | Nazla |
| Reviser | Cataloger |
| 942 ## - ADDED ENTRY ELEMENTS (KOHA) | |
| Source of classification or shelving scheme | Dewey Decimal Classification |
| Koha item type | Thesis |
| Source of classification or shelving scheme | Not for loan | Home library | Current library | Date acquired | Full call number | Barcode | Date last seen | Koha item type | Copy number |
|---|---|---|---|---|---|---|---|---|---|
| Dewey Decimal Classification | المكتبة المركزبة الجديدة - جامعة القاهرة | قاعة الرسائل الجامعية - الدور الاول | 11.02.2024 | Cai01.09.03.M.Sc.2007.Sh.B | 01010110047502000 | 22.09.2023 | Thesis | ||
| Dewey Decimal Classification | المكتبة المركزبة الجديدة - جامعة القاهرة | مخـــزن الرســائل الجـــامعية - البدروم | 11.02.2024 | Cai01.09.03.M.Sc.2007.Sh.B | 01020110047502000 | 22.09.2023 | CD - Rom | 47502.CD |